000 00642nam a22002537a 4500
001 62960
003 UA-OsUOA
005 20220516132937.0
007 ta
008 20090915b un ||||| |||| 00| 0 ukr d
040 _aUA-OsUOA
_brus
_cUA-OsUOA
_dUA-OsUOA
041 _arus
080 _a94(470+571)
090 _a94(470+571)
_bТ23
100 _aТатищев В. Н.
245 _aИстория российская
260 _aМ.
_c1963
300 _a337 с.
505 _gТ. 3
650 7 _a94 Історія
_2UDC
942 _cBK
_2udc
955 _a2
999 _c349047
_d349047